| 000 | nam a22 7a 4500 | ||
|---|---|---|---|
| 999 |
_c28850 _d28850 |
||
| 008 | 170328b xxu||||| |||| 00| 0 eng d | ||
| 020 | _a9780536762573 | ||
| 050 | _aHF 5415.13 .C37 2008 | ||
| 100 | _d2008 | ||
| 245 | _aCases for marketing management. | ||
| 260 |
_aNY: _bStrayer, _c2008. |
||
| 300 | _a136.p | ||
| 942 |
_2lcc _cBOOKS _hHF 5415.13 .C37 2008 |
||